000 00658nam a2200229Ia 4500
003 OSt
005 20220928114543.0
006 a|||||r|||| 00| 0
007 ta
008 220927b |||||||| |||| 00| 0 eng d
024 _a73757
037 _cTextual
040 _aSDCL
_cSDCL
_beng
041 _2eng
_aeng
082 _aX610t2.1'N7, L6
100 _aAharoni Yair Ed.
_9439815
245 0 _aEmerging international monetary orter and the banking system.
260 _aTel
_bAviv University Publishing Project
_c1976
300 _ax,191p
_ccm.
942 _hX610t2.1'N7, L6
_cTEXL
_2CC
999 _c755479
_d755479